<?xml version="1.0" encoding="UTF-8"?>
<record
    xmlns:xsi="http://www.w3.org/2001/XMLSchema-instance"
    xsi:schemaLocation="http://www.loc.gov/MARC21/slim http://www.loc.gov/standards/marcxml/schema/MARC21slim.xsd"
    xmlns="http://www.loc.gov/MARC21/slim">

  <leader>00984nab a2200253uuc4500</leader>
  <controlfield tag="001">978652</controlfield>
  <controlfield tag="005">20260209101150.0</controlfield>
  <controlfield tag="008">060609e20051231                    spa  </controlfield>
  <datafield tag="035" ind1=" " ind2=" ">
    <subfield code="a">978652</subfield>
  </datafield>
  <datafield tag="035" ind1=" " ind2=" ">
    <subfield code="a">(OCoLC)820352433</subfield>
  </datafield>
  <datafield tag="040" ind1=" " ind2=" ">
    <subfield code="c">comduadb</subfield>
  </datafield>
  <datafield tag="041" ind1=" " ind2=" ">
    <subfield code="a">spa</subfield>
  </datafield>
  <datafield tag="100" ind1="1" ind2="0">
    <subfield code="a">Vargas S, Fernando</subfield>
    <subfield code="4">aut</subfield>
    <subfield code="e">aut</subfield>
    <subfield code="9">302321</subfield>
  </datafield>
  <datafield tag="245" ind1="1" ind2="0">
    <subfield code="a">Cambios morfologicos y mortalidad en embriones y renacuajos de Agalychnis spurrelli Boulenger (Anura: Hylidae)</subfield>
  </datafield>
  <datafield tag="650" ind1=" " ind2=" ">
    <subfield code="a">Desarrollo embrionario</subfield>
    <subfield code="9">32728</subfield>
  </datafield>
  <datafield tag="650" ind1=" " ind2="7">
    <subfield code="a">Morfolog&#xED;a (Zoolog&#xED;a)</subfield>
    <subfield code="2">lemb</subfield>
    <subfield code="9">22444</subfield>
  </datafield>
  <datafield tag="650" ind1=" " ind2=" ">
    <subfield code="a">Rana : Agalychnis spurrelli</subfield>
    <subfield code="9">60707</subfield>
  </datafield>
  <datafield tag="650" ind1=" " ind2=" ">
    <subfield code="a">Renacuajos</subfield>
    <subfield code="9">25398</subfield>
  </datafield>
  <datafield tag="650" ind1=" " ind2=" ">
    <subfield code="a">Metamorfosis</subfield>
    <subfield code="9">129319</subfield>
  </datafield>
  <datafield tag="700" ind1="1" ind2="0">
    <subfield code="a">Gutierrez C., Paul David</subfield>
    <subfield code="4">aut</subfield>
    <subfield code="e">aut</subfield>
    <subfield code="9">551030</subfield>
  </datafield>
  <datafield tag="773" ind1="0" ind2=" ">
    <subfield code="t">Actualidades Biol&#xF3;gicas (Medell&#xED;n)</subfield>
    <subfield code="g">Volumen 27, N&#xFA;mero 083, Julio-Diciembre 2005, p. 189-202</subfield>
    <subfield code="w">(CO-MdUADB)6024</subfield>
    <subfield code="x">0304-3584</subfield>
    <subfield code="0">3627</subfield>
    <subfield code="9">971419</subfield>
    <subfield code="o">61000004221006</subfield>
  </datafield>
  <datafield tag="856" ind1="4" ind2=" ">
    <subfield code="u">https://bibliotecadigital.udea.edu.co/handle/10495/21207</subfield>
  </datafield>
  <datafield tag="942" ind1=" " ind2=" ">
    <subfield code="c">ARIMP</subfield>
  </datafield>
  <datafield tag="999" ind1=" " ind2=" ">
    <subfield code="c">394447</subfield>
    <subfield code="d">394447</subfield>
  </datafield>
</record>
